Ileal recovery of endogenous amino acids in pigs
Đã lưu trong:
| Príomhúdar: | |
|---|---|
| Formáid: | Leabhar |
| Teanga: | Undetermined |
| Foilsithe: |
[New York]
[1969]
|
| Ábhair: | |
| Clibeanna: |
Cuir Clib Leis
Gan Chlibeanna, Bí ar an gcéad duine leis an taifead seo a chlibeáil!
|
| Thư viện lưu trữ: | Trung tâm Học liệu Trường Đại học Cần Thơ |
|---|
| LEADER | 00461nam a2200169Ia 4500 | ||
|---|---|---|---|
| 001 | CTU_126196 | ||
| 008 | 210402s9999 xx 000 0 und d | ||
| 082 | |a 636.4085 | ||
| 082 | |b C135 | ||
| 100 | |a Caine, William | ||
| 245 | 0 | |a Ileal recovery of endogenous amino acids in pigs | |
| 245 | 0 | |c William Caine | |
| 260 | |a [New York] | ||
| 260 | |c [1969] | ||
| 650 | |a Pigs,Lợn | ||
| 904 | |i Nguyên | ||
| 980 | |a Trung tâm Học liệu Trường Đại học Cần Thơ | ||